Welcome to the Holygrace Academy Library

Please use search bar below to get started

GUNAPADA KADHAKAL (Record no. 1238)

MARC details
000 -LEADER
fixed length control field 00385nam a22001457a 4500
082 ## - DEWEY DECIMAL CLASSIFICATION NUMBER
Classification number 894.812
Item number MUN/K
100 ## - MAIN ENTRY--AUTHOR NAME
Personal name MUNDAKKOD, YOOSUF
245 ## - TITLE STATEMENT
Title GUNAPADA KADHAKAL
Remainder of title KUTIKALKU GUNAPADA KADHAKAL
250 ## - EDITION STATEMENT
Edition statement 1
260 ## - PUBLICATION, DISTRIBUTION, ETC. (IMPRINT)
Place of publication TIRURANGADI
Name of publisher ASHRAFI BOOKS CENTRE
Year of publication 2006
300 ## - PHYSICAL DESCRIPTION
Number of Pages 96
520 ## - SUMMARY, ETC.
Summary, etc MORAL STORIES FOR CHILDREN
650 ## - SUBJECT ADDED ENTRY--TOPICAL TERM
Topical Term MALAYALAM SHORT STORIES
Geographic subdivision KERALA
942 ## - ADDED ENTRY ELEMENTS (KOHA)
Koha item type Books
Holdings
Withdrawn status Lost status Collection code Home library Current library Shelving location Date acquired Source of acquisition Cost, normal purchase price Full call number Accession Number Koha item type
    Fiction Main Library Main Library SHELF-6D- MALAYALAM SHORT STORIES 03/11/2006 PURCHASE 10.00 894.812 MUN/K 01050 Books